[Event "CHN-chB (Women)"]
[Site "Qinhuangdao"]
[Date "2017.07.18"]
[Round "5"]
[White "Chen, Yiru"]
[Black "Li, Yunshan"]
[Result "0-1"]
[WhiteElo "1695"]
[BlackElo "2034"]
[PlyCount "78"]
[EventDate "2017.07.16"]
[EventType "swiss"]
[EventRounds "11"]
[EventCountry "CHN"]
[SourceTitle "CBM 179 Extra"]
[Source "ChessBase"]
[SourceDate "2017.08.23"]
[SourceVersion "1"]
[SourceVersionDate "2017.08.23"]
[SourceQuality "1"]

1. e4 e5 2. Nf3 Nf6 3. d4 Nxe4 4. dxe5 d5 5. exd6 Nxd6 6. Bd3 Be7 7. 0-0 0-0 8. Nc3 c6 9. h3 Bf5 10. Nd4 Bxd3 11. Qxd3 Nc8 12. Rd1 Bf6 13. Bf4 Na6 14. Qg3 Qe7 15. Nf5 Qe6 16. Nh6+ Kh8 17. Re1 Qc4 18. Re4 Qc5 19. Nxf7+ Rxf7 20. Re8+ Rf8 21. Ne4 Rxe8 22. Nxc5 Nxc5 23. Be3 Ne6 24. Rd1 Ne7 25. Qg4 Nd5 26. Rd3 Bxb2 27. Rb3 Bf6 28. Rxb7 Nxe3 29. fxe3 Bg5 30. e4 Bf6 31. Qh5 Ng5 32. e5 Rxe5 33. Qg4 Rae8 34. Qb4 a5 35. Qb6 Re1+ 36. Kh2 Be5+ 37. g3 Bd4 38. Qxd4 R8e2+ 39. Qf2 Rxf2# 0-1

[Event "CHN-chB (Women)"]
[Site "Qinhuangdao"]
[Date "2017.07.17"]
[Round "3"]
[White "Liu, Manli"]
[Black "Chen, Yiru"]
[Result "0-1"]
[WhiteElo "2190"]
[BlackElo "1695"]
[PlyCount "142"]
[EventDate "2017.07.16"]
[EventType "swiss"]
[EventRounds "11"]
[EventCountry "CHN"]
[SourceTitle "CBM 179 Extra"]
[Source "ChessBase"]
[SourceDate "2017.08.23"]
[SourceVersion "1"]
[SourceVersionDate "2017.08.23"]
[SourceQuality "1"]

1. e4 c5 2. Nf3 d6 3. d4 cxd4 4. Nxd4 Nf6 5. Nc3 a6 6. Be2 e6 7. 0-0 Be7 8. f4 Qc7 9. a4 Nc6 10. Be3 0-0 11. Kh1 Rd8 12. Bf3 Na5 13. Qe1 Nc4 14. Bc1 e5 15. Nde2 Qc5 16. Rg1 Ne3 17. Qd2 Neg4 18. h3 Nf2+ 19. Kh2 d5 20. exd5 e4 21. Nd4 Nxd5 22. Nxd5 Qxd5 23. Qxf2 Qxd4 24. Qxd4 Rxd4 25. c3 Rc4 26. Be2 Rc6 27. Be3 Be6 28. Rgd1 f5 29. g4 Kf7 30. Rd2 Rd8 31. Rad1 Rcd6 32. Rxd6 Rxd6 33. Ra1 Rc6 34. Kg2 g6 35. Kf2 Ke8 36. Bd4 Bc5 37. Bxc5 Rxc5 38. Rd1 Bb3 39. Rd4 Be6 40. Ke3 Ke7 41. Kd2 Rd5 42. Rxd5 Bxd5 43. gxf5 gxf5 44. Bd1 b5 45. Ke3 Kd6 46. Kd4 Bc4 47. axb5 axb5 48. b3 Bf1 49. h4 Kc6 50. Bh5 Bd3 51. Bf7 Kd6 52. Bg8 h6 53. c4 bxc4 54. bxc4 Bc2 55. Bh7 Ke6 56. Bg6 Ba4 57. Bh5 Bc6 58. Kc5 Ba4 59. Kb6 Kd6 60. Bf7 Ke7 61. Bd5 Bd1 62. c5 e3 63. c6 e2 64. c7 e1Q 65. c8Q Qb4+ 66. Ka6 Be2+ 67. Ka7 Qa5+ 68. Kb8 Qxd5 69. Qc7+ Ke8 70. Qc1 Qb5+ 71. Ka7 Qa5+ 0-1